000
00311nam a2200109Ia 4500
008
200302s9999 xx 000 0 und d
100
_a
Charles W. Harris & Others
245
_a
Time Saver Standards for Landscape Architecture
260
_b
Mcgraw- hill International Book co.,
260
_c
1995
300
_a
960 P.,
999
_c
1344
_d
1344